Quiz wiedzy ogólnej #27 - Statystyki

Ogólne statystyki
  • Ten quiz został rozwiązany 1 375 razy
  • Średni wynik to 11 z 20
Statystyki odpowiedzi
Pytanie Odpowiedź % Poprawnych
Jakie zwierzę pojawia się w logo Ferrari? Koń
92%
Ile kart liczy standardowa talia (bez dżokerów)? 52
85%
Jakie charakterystyczne nakrycie głowy nosił Indiana Jones? Fedora
82%
Kto stworzył teorię ewolucji? Karol Darwin
82%
Jaką figurę przypomina czapeczka urodzinowa? Stożek
81%
Jaka grecka litera jest jednocześnie częścią rzeki i symbolem wyróżnika funkcji kwadratowej? Delta
75%
W jakiej krainie mieszka postać Piotrusia Pana? Nibylandia
75%
Jak nazywa się największe polskie miasto zaczynające się na literę Ż? Żory
60%
Jakie państwo niegdyś było znane jako Syjam? Tajlandia
47%
Jaki kraj stracił ok. 25% swojej ludności pod koniec lat '70 w wyniku ludobójstwa Pol Pota? Kambodża
46%
Z jakiego materiału wykonane są bile i klawisze pianina? Kość słoniowa
44%
Co oznacza łacińskie słowo "vox"? Głos
43%
Jak nazywał się pierwszy sztuczny satelita Ziemi? Sputnik
43%
Jakie jest jedyne słowo, które składa się tylko z liter unikalnych dla języka polskiego? Żółć
42%
Jakie jest alter-ego Supermana? Clark Kent
39%
Kto wykonał dzieła sztuki przedstawiające puszkę Coca-Coli i Marilyn Monroe? Andy Warhol
32%
Jakiej marki jest samochód używany przez bohaterów "Powrotu do przeszłości" do podróży w czasie? DeLorean
31%
W jakim mieście dorastał Bruce Lee? Hongkong
30%
Czym są opuncje i saguaro? Kaktusy
29%
Jaka znana przełęcz łączy Pakistan z Afganistanem? Chajber
6%
Nie znaleziono quizów pasujących do podanych kryteriów
Rozkład punktacji
Procent ludzi z każdym wynikiem
Percentyl według liczby udzielonych odpowiedzi
Twoja historia wyników
Nie rozwiązałeś tego quizu